| 000 | 00478nam a22001697a 4500 | ||
|---|---|---|---|
| 005 | 20170629122717.0 | ||
| 010 | _aENG-119045 | ||
| 020 | _c150.00 | ||
| 035 | _aEN-102577 | ||
| 037 | _bDBAD/PUB | ||
| 082 | _a333.783 | ||
| 100 | _aChowdary, T.H. | ||
| 245 |
_aTruth triumphs: _bbharat on freedom road / _cby T.H. Chowdary |
||
| 260 |
_bSri Hanuman Mani Education & Culture Trust _c2017 |
||
| 300 |
_ax,374p _c22cm.(pbk) |
||
| 942 |
_2ddc _cEN _h333.783 _mCHO |
||
| 999 |
_c142152 _d142152 |
||